[Event "17. Europa ch Juvenil - Masculino s16"]
[Site "Sibenik CRO"]
[Date "2007.09.20"]
[Round "7.43"]
[White "Boje, Tobias"]
[Black "Buhin, Denis"]
[Result "1-0"]
[WhiteElo "1931"]
[BlackElo "1943"]
[PlyCount "81"]
[EventDate "2007.09.14"]
[EventType "swiss"]
[EventRounds "9"]
[EventCountry "CRO"]
[Source "lmi"]
[SourceDate "2007.09.14"]

1. e4 c5 2. Nc3 d6 3. g3 Nf6 4. Bg2 g6 5. d3 Bg7 6. h3 O-O 7. Be3 Nc6 8. Qd2
Re8 9. Nge2 Qc7 10. Bh6 Bh8 11. O-O Rb8 12. f4 b5 13. g4 b4 14. Nd1 a5 15. Ng3
Ba6 16. Ne3 e6 17. Rf2 Nd7 18. Rb1 a4 19. f5 exf5 20. gxf5 Nce5 21. Nd5 Qd8 22.
Rbf1 Bb7 23. fxg6 hxg6 24. Bg5 f6 25. Nxf6+ Nxf6 26. Bxf6 Bxf6 27. Rxf6 Qd7 28.
Qg5 Re6 29. Nh5 Rbe8 30. Rxe6 Rxe6 31. Nf6+ Rxf6 32. Qxf6 b3 33. Qf8+ Kh7 34.
axb3 axb3 35. c3 Ba6 36. Rf4 g5 37. Rf6 Qg7 38. Qxd6 Nxd3 39. Qxa6 Nxb2 40. Rb6
c4 41. Rb7 1-0

[Event "17. Europa ch Juvenil - Masculino s16"]
[Site "Sibenik CRO"]
[Date "2007.09.21"]
[Round "8.2"]
[White "Feller, Sebastien"]
[Black "Saatdjian, Thomas"]
[Result "1-0"]
[WhiteElo "2476"]
[BlackElo "2284"]
[PlyCount "79"]
[EventDate "2007.09.14"]
[EventType "swiss"]
[EventRounds "9"]
[EventCountry "CRO"]
[Source "lmi"]
[SourceDate "2007.09.14"]

1. d4 Nf6 2. c4 c5 3. d5 e5 4. Nc3 d6 5. g3 Be7 6. Bg2 O-O 7. Nf3 Ne8 8. e4 a6
9. a4 f5 10. exf5 Bxf5 11. h4 h6 12. Nd2 Nf6 13. Qe2 Nbd7 14. Nde4 Qe8 15. Bd2
Qf7 16. f3 b5 17. g4 Bxe4 18. fxe4 h5 19. gxh5 Nb6 20. Bh3 Qxh5 21. Bg5 Qxe2+
22. Kxe2 b4 23. Nd1 Nxe4 24. Be6+ Kh8 25. Rh3 Ra7 26. a5 Nxc4 27. Kd3 Rf1 28.
Kxc4 g6 29. Be3 Ra8 30. Kd3 Raf8 31. Kxe4 Re1 32. Rf3 Rxf3 33. Kxf3 c4 34. Bf2
e4+ 35. Kg2 Re2 36. Rc1 e3 37. Nxe3 Bxh4 38. Ng4 c3 39. bxc3 b3 40. Kf3 1-0

[Event "17. Europa ch Juvenil - Masculino s16"]
[Site "Sibenik CRO"]
[Date "2007.09.21"]
[Round "8.3"]
[White "Pavlidis, Anastasios"]
[Black "Bregadze, Levan"]
[Result "1/2-1/2"]
[WhiteElo "2182"]
[BlackElo "2324"]
[PlyCount "72"]
[EventDate "2007.09.14"]
[EventType "swiss"]
[EventRounds "9"]
[EventCountry "CRO"]
[Source "lmi"]
[SourceDate "2007.09.14"]

1. d4 Nf6 2. c4 e6 3. Nf3 Bb4+ 4. Nbd2 O-O 5. a3 Be7 6. e4 d5 7. e5 Nfd7 8. b4
a5 9. b5 c5 10. Bb2 b6 11. Bd3 cxd4 12. Qc2 h6 13. cxd5 exd5 14. O-O Nc5 15.
Nxd4 Nxd3 16. Qxd3 Bc5 17. N2f3 Be6 18. a4 Re8 19. Ba3 Qe7 20. Rfc1 Bg4 21. h3
Bxf3 22. Nxf3 Nd7 23. Bb2 Rad8 24. Qxd5 Nf8 25. Qe4 Ne6 26. Rd1 Rxd1+ 27. Rxd1
Rd8 28. Rd5 Qc7 29. Qd3 Rxd5 30. Qxd5 Qc8 31. Nd2 Nf4 32. Qc4 Ne6 33. Qd5 Nf4
34. Qe4 Ne6 35. Qd5 Nf4 36. Qe4 Ne6 1/2-1/2

[Event "17. Europa ch Juvenil - Masculino s16"]
[Site "Sibenik CRO"]
[Date "2007.09.21"]
[Round "8.4"]
[White "Goganov, Aleksey"]
[Black "Onischuk, Vladimir"]
[Result "0-1"]
[WhiteElo "2309"]
[BlackElo "2506"]
[PlyCount "94"]
[EventDate "2007.09.14"]
[EventType "swiss"]
[EventRounds "9"]
[EventCountry "CRO"]
[Source "lmi"]
[SourceDate "2007.09.14"]

1. d4 Nf6 2. c4 g6 3. Nc3 Bg7 4. e4 d6 5. Nf3 O-O 6. Be2 c6 7. O-O Nbd7 8. e5
Ne8 9. exd6 Nxd6 10. Bg5 Nf6 11. Ne5 Nf5 12. Nf3 Qc7 13. Qc1 Rd8 14. Bf4 Qd7
15. Rd1 Qe8 16. Be5 Bh6 17. Bf4 Bg7 18. Be5 Bh6 19. Bf4 Bg7 20. b4 Nxd4 21.
Rxd4 Rxd4 22. Nxd4 e5 23. Be3 exd4 24. Bxd4 a5 25. Qb2 axb4 26. Qxb4 Bf5 27.
Rd1 Rd8 28. Qxb7 Rxd4 29. Rxd4 Nd7 30. Rd1 Bxc3 31. Bf1 Qe6 32. Qb3 Qf6 33. a4
Nc5 34. Qb8+ Kg7 35. Rd8 Bd4 36. Rg8+ Kh6 37. Qf4+ g5 38. Qf3 Ne4 39. Be2 Bxf2+
40. Kh1 Qa1+ 41. Bd1 Nf6 42. Rd8 Bd4 43. h4 Kg7 44. Kh2 Ng4+ 45. Kh3 Ne3+ 46.
Kh2 Bg4 47. Qe4 Nf1+ 0-1

[Event "17. Europa ch Juvenil - Masculino s16"]
[Site "Sibenik CRO"]
[Date "2007.09.21"]
[Round "8.5"]
[White "Martinovic, Sasa"]
[Black "Narmontas, Matas"]
[Result "1-0"]
[WhiteElo "2371"]
[BlackElo "2327"]
[PlyCount "79"]
[EventDate "2007.09.14"]
[EventType "swiss"]
[EventRounds "9"]
[EventCountry "CRO"]
[Source "lmi"]
[SourceDate "2007.09.14"]

1. d4 d5 2. c4 c6 3. cxd5 cxd5 4. Nf3 Nf6 5. Nc3 Nc6 6. Bf4 e6 7. e3 Be7 8. h3
a6 9. Rc1 O-O 10. Bd3 b5 11. O-O Bb7 12. Qe2 Rc8 13. Ne5 Na5 14. Bb1 Nc4 15.
Rfd1 Qa5 16. Nxc4 Rxc4 17. Qd3 Rfc8 18. Bg5 g6 19. Ne2 Qb4 20. b3 Rxc1 21. Rxc1
Rxc1+ 22. Nxc1 Kg7 23. Qd1 h6 24. Bxf6+ Kxf6 25. Nd3 Qc3 26. Ne5 Kg7 27. Bxg6
f6 28. Qg4 fxe5 29. Bh5+ Kh8 30. Qxe6 Bf8 31. Qxe5+ Kg8 32. Qe6+ Kh8 33. Qe5+
Kg8 34. Bg4 Qe1+ 35. Kh2 Qxf2 36. Be6+ Kh7 37. Bf5+ Kg8 38. Qe6+ Kh8 39. Qf6+
Kg8 40. Be6+ 1-0

[Event "17. Europa ch Juvenil - Masculino s16"]
[Site "Sibenik CRO"]
[Date "2007.09.21"]
[Round "8.6"]
[White "Leniart, Arkadiusz"]
[Black "Yilmaz, Mustafa"]
[Result "1-0"]
[WhiteElo "2357"]
[BlackElo "2204"]
[PlyCount "57"]
[EventDate "2007.09.14"]
[EventType "swiss"]
[EventRounds "9"]
[EventCountry "CRO"]
[Source "lmi"]
[SourceDate "2007.09.14"]

1. d4 d5 2. c4 e6 3. Nc3 Nf6 4. cxd5 exd5 5. Bg5 Be7 6. e3 O-O 7. Bd3 Nbd7 8.
Nge2 Re8 9. O-O c6 10. Qc2 Nf8 11. f3 Be6 12. Bh4 Rc8 13. Rad1 a6 14. Nf4 c5
15. Nxe6 fxe6 16. dxc5 Bxc5 17. Rfe1 Qc7 18. Bg3 Qf7 19. Qb3 b5 20. Bf2 N8d7
21. a4 b4 22. Ne2 Bf8 23. Qa2 Nc5 24. Nc1 e5 25. Bf1 e4 26. f4 b3 27. Nxb3 d4
28. exd4 Qxb3 29. Bc4+ 1-0

[Event "17. Europa ch Juvenil - Masculino s16"]
[Site "Sibenik CRO"]
[Date "2007.09.21"]
[Round "8.7"]
[White "Lomsadze, Davit"]
[Black "Recuero Guerra, David"]
[Result "0-1"]
[WhiteElo "2305"]
[BlackElo "2378"]
[PlyCount "92"]
[EventDate "2007.09.14"]
[EventType "swiss"]
[EventRounds "9"]
[EventCountry "CRO"]
[Source "lmi"]
[SourceDate "2007.09.14"]

1. e4 c5 2. Nc3 a6 3. g3 b5 4. Bg2 Bb7 5. Nge2 e6 6. O-O Be7 7. d4 cxd4 8. Nxd4
d6 9. Be3 Qc7 10. Qh5 g6 11. Qe2 Nd7 12. Rad1 Ngf6 13. a3 O-O 14. f4 Rfe8 15.
Nb3 Rac8 16. g4 d5 17. e5 Ne4 18. Nxe4 dxe4 19. Nd4 Nb6 20. f5 Qxe5 21. fxe6
fxe6 22. Bf4 Qc5 23. Bxe4 Bxe4 24. Qxe4 e5 25. b4 Qd5 26. Qxe5 Qxe5 27. Bxe5
Nc4 28. Rde1 Nd2 29. Bf6 Nxf1 30. Rxe7 Rxe7 31. Bxe7 Ne3 32. Bc5 Nxg4 33. Nb3
Ne5 34. Kf2 Nc4 35. Ke2 Nxa3 36. Kd3 Kf7 37. c3 Nc4 38. Bd4 Rc6 39. Ke4 Re6+
40. Kd5 Re2 41. Kc6 Rxh2 42. Nc5 h5 43. Nxa6 Na3 44. Nc7 h4 45. Nxb5 Nxb5 46.
Kxb5 h3 0-1

[Event "17. Europa ch Juvenil - Masculino s16"]
[Site "Sibenik CRO"]
[Date "2007.09.21"]
[Round "8.8"]
[White "Roganovic, Milos"]
[Black "Salgado Lopez, Ivan"]
[Result "0-1"]
[WhiteElo "2329"]
[BlackElo "2456"]
[PlyCount "116"]
[EventDate "2007.09.14"]
[EventType "swiss"]
[EventRounds "9"]
[EventCountry "CRO"]
[Source "lmi"]
[SourceDate "2007.09.14"]

1. e4 e6 2. d4 d5 3. Nd2 dxe4 4. Nxe4 Bd7 5. Nf3 Bc6 6. Ng3 Nf6 7. Bd3 Be7 8.
O-O O-O 9. Re1 Nbd7 10. c4 Bxf3 11. Qxf3 c6 12. b3 Qa5 13. Bb2 Ba3 14. Bxa3
Qxa3 15. Re2 Qd6 16. Rd1 Rad8 17. Bb1 Rfe8 18. Red2 Qb4 19. h4 Qa5 20. Ne2 e5
21. Ng3 exd4 22. Rxd4 Ne5 23. Qf4 Rxd4 24. Qxd4 Neg4 25. Bf5 h5 26. Qd2 Qc5 27.
Bxg4 Nxg4 28. Qf4 Qe7 29. Qg5 g6 30. Qxe7 Rxe7 31. f3 Ne3 32. Re1 Kf8 33. Kf2
Nc2 34. Re2 Rxe2+ 35. Kxe2 Nb4 36. a3 Nc2 37. Kd2 Nd4 38. b4 Ke7 39. Kd3 Ne6
40. Ke4 c5 41. Ne2 Kd6 42. g4 cxb4 43. axb4 b6 44. b5 Kc5 45. Kd3 Kb4 46. g5
Nc5+ 47. Kd4 Nb3+ 48. Ke5 Nd2 49. f4 Nf3+ 50. Kd5 Nxh4 51. Nd4 Ng2 52. Nc6+ Kc3
53. f5 Ne3+ 54. Ke5 Nxc4+ 55. Kf6 h4 56. Kxf7 Nd6+ 57. Ke6 Nxf5 58. Ne5 h3 0-1

[Event "17. Europa ch Juvenil - Masculino s16"]
[Site "Sibenik CRO"]
[Date "2007.09.21"]
[Round "8.11"]
[White "Huschenbeth, Niclas"]
[Black "Chirila, Ioan Cristian"]
[Result "1-0"]
[WhiteElo "2306"]
[BlackElo "2345"]
[PlyCount "85"]
[EventDate "2007.09.14"]
[EventType "swiss"]
[EventRounds "9"]
[EventCountry "CRO"]
[Source "lmi"]
[SourceDate "2007.09.14"]

1. e4 c5 2. Nf3 e6 3. d4 cxd4 4. Nxd4 a6 5. Bd3 Nc6 6. Nxc6 dxc6 7. Nd2 e5 8.
Nc4 Nf6 9. Be3 Be6 10. Bb6 Qe7 11. c3 Nd7 12. Qb3 f6 13. a4 Qf7 14. a5 Nxb6 15.
axb6 Rd8 16. Be2 Bc5 17. Qa4 Qg6 18. O-O Bh3 19. Bf3 Rd3 20. Ne3 Bxe3 21. fxe3
Qg5 22. Rad1 Qxe3+ 23. Kh1 Rxd1 24. Qxd1 O-O 25. gxh3 Qxb6 26. Qe2 Rd8 27. Bg4
Kf7 28. Qc4+ Kf8 29. Bh5 Rd7 30. Qe6 Qd8 31. Qxe5 Re7 32. Rxf6+ Kg8 33. Rd6 Qf8
34. Qd4 Rxe4 35. Rd8 Rxd4 36. Rxf8+ Kxf8 37. cxd4 Ke7 38. Kg2 Kd6 39. Kf3 Kd5
40. Ke3 Kc4 41. Bf7+ Kb4 42. Be6 a5 43. Bc8 1-0

[Event "17. Europa ch Juvenil - Masculino s16"]
[Site "Sibenik CRO"]
[Date "2007.09.21"]
[Round "8.12"]
[White "Bulanov, Dmitri"]
[Black "Jorczik, Julian"]
[Result "1-0"]
[WhiteElo "2220"]
[BlackElo "2333"]
[PlyCount "79"]
[EventDate "2007.09.14"]
[EventType "swiss"]
[EventRounds "9"]
[EventCountry "CRO"]
[Source "lmi"]
[SourceDate "2007.09.14"]

1. e4 c6 2. d4 d5 3. Nc3 dxe4 4. Nxe4 Bf5 5. Ng3 Bg6 6. h4 h6 7. Nf3 Nd7 8. h5
Bh7 9. Bd3 Bxd3 10. Qxd3 e6 11. Bf4 Ngf6 12. O-O-O Nd5 13. Bd2 Nb4 14. Qb3 a5
15. a3 a4 16. Qe3 Nd5 17. Qd3 b5 18. Ne5 Nxe5 19. dxe5 Qc7 20. f4 O-O-O 21. Qf3
c5 22. Ne4 c4 23. Nc3 Qb7 24. Nxd5 Rxd5 25. Ba5 Rxd1+ 26. Rxd1 Bc5 27. Qxb7+
Kxb7 28. Rd7+ Ka6 29. Bd2 Rf8 30. Bb4 Bxb4 31. axb4 Kb6 32. Kd2 Kc6 33. Ra7 Kb6
34. Re7 Rd8+ 35. Kc3 Rf8 36. g3 Kc6 37. Kd2 Rd8+ 38. Kc1 Rd7 39. Re8 Kd5 40.
Rg8 1-0

[Event "17. Europa ch Juvenil - Masculino s16"]
[Site "Sibenik CRO"]
[Date "2007.09.21"]
[Round "8.14"]
[White "Hamitevici, Vladimir"]
[Black "Kilpatrick, Callum"]
[Result "1-0"]
[WhiteElo "2333"]
[BlackElo "2120"]
[PlyCount "99"]
[EventDate "2007.09.14"]
[EventType "swiss"]
[EventRounds "9"]
[EventCountry "CRO"]
[Source "lmi"]
[SourceDate "2007.09.14"]

1. d4 Nf6 2. Nf3 g6 3. Bf4 Bg7 4. e3 O-O 5. h3 d6 6. Be2 c5 7. c3 Be6 8. Nbd2
Qb6 9. Qc2 h6 10. O-O Nbd7 11. a4 a6 12. a5 Qc7 13. Rfc1 Rac8 14. c4 cxd4 15.
Nxd4 Bxh3 16. gxh3 e5 17. Bh2 exd4 18. exd4 Nb8 19. c5 Qd7 20. Bxd6 Rfd8 21.
Bf1 Nc6 22. Qd3 Nd5 23. Nf3 Re8 24. Bg2 g5 25. Qc4 Qf5 26. Nxg5 Qxg5 27. Qxd5
Nxd4 28. Qxg5 hxg5 29. Bxb7 Ne2+ 30. Kg2 Bxb2 31. Bxc8 Rxc8 32. Rc2 Bxa1 33.
Rxe2 Bc3 34. Ra2 f6 35. Ra3 Bb4 36. Rb3 Bxa5 37. Kf3 Kf7 38. Ke4 Ke6 39. Ra3
f5+ 40. Kd4 Bb4 41. Rxa6 Be1 42. Be5+ Kd7 43. Kd5 Bxf2 44. Ra7+ Ke8 45. Bd6 g4
46. hxg4 Bxc5 47. Bxc5 fxg4 48. Re7+ Kd8 49. Rg7 Ke8 50. Ke6 1-0

[Event "17. Europa ch Juvenil - Masculino s16"]
[Site "Sibenik CRO"]
[Date "2007.09.21"]
[Round "8.15"]
[White "Tofil, Borys"]
[Black "Golichenko, Ilija"]
[Result "1-0"]
[WhiteElo "2148"]
[BlackElo "2306"]
[PlyCount "143"]
[EventDate "2007.09.14"]
[EventType "swiss"]
[EventRounds "9"]
[EventCountry "CRO"]
[Source "lmi"]
[SourceDate "2007.09.14"]

1. e4 c5 2. Nf3 d6 3. d4 cxd4 4. Nxd4 Nf6 5. Nc3 a6 6. Be2 e5 7. Nb3 Be7 8. Bg5
Be6 9. Qd3 O-O 10. Bxf6 Bxf6 11. Rd1 Be7 12. Nd5 Bxd5 13. Qxd5 Qc7 14. c3 Nd7
15. O-O Rac8 16. Qd3 b5 17. Bg4 Rcd8 18. Bxd7 Qxd7 19. Qd5 Qc7 20. Nc1 Kh8 21.
Nd3 f5 22. Nb4 fxe4 23. Qxe4 a5 24. Qc6 Qb8 25. Nd5 Bg5 26. Qc7 Qa8 27. Rfe1
Bh4 28. Re2 Qc8 29. f3 Qa6 30. Re4 Bg5 31. Qb6 Qxb6+ 32. Nxb6 Kg8 33. Kf2 Rf4
34. g3 Rf7 35. Ke2 Rb7 36. Nd5 Kf7 37. h4 Bf6 38. Ne3 Ke6 39. Rd5 Rc8 40. f4 g6
41. g4 h5 42. Rd1 Rc5 43. f5+ gxf5 44. gxf5+ Kd7 45. Nd5 Bd8 46. b3 Kc6 47. c4
bxc4 48. bxc4 Rg7 49. f6 Rf7 50. Kd3 Kd7 51. Re2 Ke6 52. Rf1 Rc8 53. Ref2 Rb8
54. Rf5 Rb2 55. Rxh5 Rxa2 56. Rh8 Kd7 57. Ke4 Rg2 58. Kf5 a4 59. h5 a3 60. h6
a2 61. h7 Bc7 62. Rd8+ Bxd8 63. h8=Q Rf2+ 64. Kg6 R7xf6+ 65. Nxf6+ Rxf6+ 66.
Qxf6 Bxf6 67. Kxf6 Kc6 68. Kf5 Kc5 69. Ra1 Kxc4 70. Rxa2 Kd3 71. Ra4 Ke3 72.
Ke6 1-0

[Event "17. Europa ch Juvenil - Masculino s16"]
[Site "Sibenik CRO"]
[Date "2007.09.21"]
[Round "8.17"]
[White "Poleshchuk, Dmitriy"]
[Black "Lehmann, Marco"]
[Result "1-0"]
[WhiteElo "2073"]
[BlackElo "2279"]
[PlyCount "55"]
[EventDate "2007.09.14"]
[EventType "swiss"]
[EventRounds "9"]
[EventCountry "CRO"]
[Source "lmi"]
[SourceDate "2007.09.14"]

1. e4 c5 2. Nf3 Nc6 3. d4 cxd4 4. Nxd4 Nf6 5. Nc3 e5 6. Ndb5 d6 7. Bg5 a6 8.
Na3 b5 9. Nd5 Be7 10. Nxe7 Nxe7 11. Bd3 Bb7 12. Bxf6 gxf6 13. Qh5 d5 14. O-O-O
Qb6 15. Qe2 O-O-O 16. exd5 Nxd5 17. Be4 Kb8 18. Qf3 Qe6 19. c3 b4 20. c4 Nb6
21. Bxb7 bxa3 22. Bxa6 axb2+ 23. Kb1 e4 24. Qg3+ Ka7 25. Qa3 Kb8 26. c5 e3 27.
cxb6 e2 28. Bxe2 1-0

[Event "17. Europa ch Juvenil - Masculino s16"]
[Site "Sibenik CRO"]
[Date "2007.09.21"]
[Round "8.18"]
[White "Kanmazalp, Ogulcan"]
[Black "Sieciechowicz, Marcin"]
[Result "0-1"]
[WhiteElo "2093"]
[BlackElo "2214"]
[PlyCount "84"]
[EventDate "2007.09.14"]
[EventType "swiss"]
[EventRounds "9"]
[EventCountry "CRO"]
[Source "lmi"]
[SourceDate "2007.09.14"]

1. e4 e6 2. d4 d5 3. Nd2 Nf6 4. e5 Nfd7 5. Bd3 c5 6. c3 Nc6 7. Ne2 cxd4 8. cxd4
f6 9. exf6 Qxf6 10. Nf3 Bd6 11. O-O O-O 12. Bg5 Qf7 13. Bh4 e5 14. dxe5 Ndxe5
15. Nxe5 Bxe5 16. Qd2 d4 17. Bg3 Bf6 18. Rac1 Be6 19. b3 Qd7 20. Rfe1 Bf5 21.
a3 Bxd3 22. Qxd3 Rae8 23. b4 a6 24. Rcd1 Rf7 25. Qb3 Qe6 26. Qxe6 Rxe6 27. Nc1
Rfe7 28. Nd3 Rxe1+ 29. Rxe1 Rxe1+ 30. Nxe1 Kf7 31. Kf1 Ke6 32. Ke2 Kd5 33. Kd3
g5 34. h3 Be5 35. Bxe5 Nxe5+ 36. Ke2 Kc4 37. Kd2 d3 38. g3 Kd4 39. f4 gxf4 40.
gxf4 Nc4+ 41. Kd1 Kc3 42. Nf3 d2 0-1

[Event "17. Europa ch Juvenil - Masculino s16"]
[Site "Sibenik CRO"]
[Date "2007.09.21"]
[Round "8.19"]
[White "Mammadov, Ayaz"]
[Black "Ketzetzis, Georgios"]
[Result "1-0"]
[WhiteElo "2237"]
[BlackElo "2045"]
[PlyCount "59"]
[EventDate "2007.09.14"]
[EventType "swiss"]
[EventRounds "9"]
[EventCountry "CRO"]
[Source "lmi"]
[SourceDate "2007.09.14"]

1. e4 c5 2. Nf3 Nc6 3. d4 cxd4 4. Nxd4 Nf6 5. Nc3 e5 6. Ndb5 d6 7. Bg5 a6 8.
Na3 b5 9. Bxf6 gxf6 10. Nd5 f5 11. c3 Bg7 12. exf5 Bxf5 13. Nc2 O-O 14. Nce3
Bg6 15. h4 Be4 16. h5 Qg5 17. Rh3 Kh8 18. Qe2 Bxd5 19. Nxd5 e4 20. Qd2 e3 21.
Nxe3 Rfe8 22. Be2 b4 23. Kf1 bxc3 24. bxc3 Qa5 25. Rd1 Qxc3 26. Qxc3 Bxc3 27.
Rc1 Rab8 28. Rxc3 Rb1+ 29. Nd1 Nd4 30. Rhe3 1-0

[Event "17. Europa ch Juvenil - Masculino s16"]
[Site "Sibenik CRO"]
[Date "2007.09.21"]
[Round "8.20"]
[White "Soors, Stef"]
[Black "Durarbeyli, Vasif"]
[Result "1-0"]
[WhiteElo "2126"]
[BlackElo "2417"]
[PlyCount "156"]
[EventDate "2007.09.14"]
[EventType "swiss"]
[EventRounds "9"]
[EventCountry "CRO"]
[Source "lmi"]
[SourceDate "2007.09.14"]

1. d4 Nf6 2. c4 e6 3. Nc3 Bb4 4. e3 c5 5. Nge2 b6 6. a3 Ba5 7. Rb1 Na6 8. Bd2
Bb7 9. Ng3 O-O 10. f3 Rc8 11. Nb5 Bxd2+ 12. Qxd2 cxd4 13. Qxd4 Ra8 14. Nd6 Qc7
15. Rd1 Rfd8 16. e4 Nb8 17. Nb5 Qc6 18. e5 Ne8 19. Qh4 Na6 20. Bd3 f5 21. exf6
Nxf6 22. Ne4 Ne8 23. Ng5 h6 24. Bh7+ Kf8 25. Qf4+ Nf6 26. Be4 d5 27. Nh7+ Ke7
28. Nxf6 dxe4 29. Nxe4 Rxd1+ 30. Kxd1 Rd8+ 31. Nbd6 Rxd6+ 32. Qxd6+ Qxd6+ 33.
Nxd6 Kxd6 34. Kd2 Nc5 35. b4 Nd7 36. Rd1 Ne5 37. Kc3+ Ke7 38. Rd4 Ng6 39. Rg4
Kf6 40. Rd4 Bc6 41. Rd6 Be8 42. Rd8 Ke7 43. Ra8 Bd7 44. Rxa7 Nh4 45. c5 bxc5
46. bxc5 Kd8 47. c6 Bxc6 48. Rxg7 Bd7 49. Kb4 Kc7 50. a4 Kd6 51. a5 Bc6 52. a6
Nf5 53. Rg8 Ne7 54. Rh8 Nd5+ 55. Ka5 Ne3 56. Rg8 Kc5 57. a7 Bb7 58. Ka4 Nd5 59.
Kb3 Nc7 60. Rh8 Bd5+ 61. Kc2 Kb6 62. Rxh6 Kxa7 63. Rh8 e5 64. Kd3 Ne6 65. Ke3
Kb6 66. Rh5 Kc6 67. Rxe5 Kd6 68. Rh5 Bc4 69. g4 Ke7 70. h4 Kf7 71. Ra5 Bb3 72.
h5 Bc2 73. g5 Ng7 74. Ra7+ Kg8 75. h6 Ne6 76. f4 Bf5 77. Re7 Nf8 78. Rg7+ Kh8
1-0

[Event "17. Europa ch Juvenil - Masculino s16"]
[Site "Sibenik CRO"]
[Date "2007.09.21"]
[Round "8.21"]
[White "Georgescu, Tiberiu"]
[Black "Orndahl, Markus"]
[Result "1-0"]
[WhiteElo "2385"]
[BlackElo "2078"]
[PlyCount "103"]
[EventDate "2007.09.14"]
[EventType "swiss"]
[EventRounds "9"]
[EventCountry "CRO"]
[Source "lmi"]
[SourceDate "2007.09.14"]

1. d4 d5 2. c4 c6 3. Nc3 Nf6 4. e3 a6 5. Qc2 g6 6. Bd3 Bg7 7. Nf3 O-O 8. O-O
Bg4 9. Ne5 Be6 10. c5 Nbd7 11. Nxd7 Bxd7 12. b4 Qc7 13. Bd2 Rae8 14. f4 Ng4 15.
Kh1 f6 16. e4 dxe4 17. Nxe4 Kh8 18. h3 Nh6 19. Bc3 Be6 20. Rae1 Bd5 21. Ba1 Nf5
22. Qf2 Qd7 23. Nc3 Bg8 24. Na4 Nh6 25. Nb6 Qc7 26. Qc2 Nf7 27. f5 g5 28. Bc4
Nd8 29. Bxg8 Kxg8 30. d5 cxd5 31. Nxd5 Qc8 32. Qc4 Kh8 33. Rd1 Qc6 34. Rde1 e6
35. fxe6 Rxe6 36. Ne7 Qd7 37. Rxe6 Nxe6 38. Nd5 f5 39. Nb6 Qf7 40. Bxg7+ Nxg7
41. Rd1 Qh5 42. Rd7 g4 43. Qc3 Qh6 44. Nd5 gxh3 45. Qxh3 Qg5 46. Rd6 h5 47. Qe3
Qh4+ 48. Kg1 Re8 49. Rh6+ Kg8 50. Nf6+ Kf7 51. Nxe8 f4 52. Nd6+ 1-0

[Event "17. Europa ch Juvenil - Masculino s16"]
[Site "Sibenik CRO"]
[Date "2007.09.21"]
[Round "8.22"]
[White "Varga, David"]
[Black "Klim, Kamil"]
[Result "1-0"]
[WhiteElo "2257"]
[BlackElo "2126"]
[PlyCount "69"]
[EventDate "2007.09.14"]
[EventType "swiss"]
[EventRounds "9"]
[EventCountry "CRO"]
[Source "lmi"]
[SourceDate "2007.09.14"]

1. e4 c5 2. Nf3 Nc6 3. d4 cxd4 4. Nxd4 Nf6 5. Nc3 d6 6. Bc4 e6 7. O-O a6 8. Bb3
Be7 9. f4 O-O 10. Be3 Qc7 11. Qf3 Na5 12. f5 e5 13. Nde2 b5 14. Bg5 Nxb3 15.
cxb3 Bb7 16. Bxf6 Bxf6 17. Rad1 b4 18. Nd5 Bxd5 19. Rxd5 Qc2 20. Ng3 Qxb2 21.
Nh5 Bg5 22. h4 Bh6 23. Rxd6 f6 24. Rfd1 Rac8 25. Qd3 Rc2 26. Qg3 Rc3 27. Qg4
Rc1 28. Kh2 Rxd1 29. Rxd1 Kh8 30. Rd7 Rg8 31. Qd1 Qf2 32. Kh3 Be3 33. Rxg7 Bd4
34. Qg4 Qe3+ 35. g3 1-0

[Event "17. Europa ch Juvenil - Masculino s16"]
[Site "Sibenik CRO"]
[Date "2007.09.21"]
[Round "8.23"]
[White "Nuri, Kambez"]
[Black "Yaksin, Oleg"]
[Result "1/2-1/2"]
[WhiteElo "2142"]
[BlackElo "2231"]
[PlyCount "101"]
[EventDate "2007.09.14"]
[EventType "swiss"]
[EventRounds "9"]
[EventCountry "CRO"]
[Source "lmi"]
[SourceDate "2007.09.14"]

1. e4 c5 2. Nf3 d6 3. d4 cxd4 4. Nxd4 Nf6 5. Nc3 e6 6. Be3 Be7 7. Be2 O-O 8.
O-O Nc6 9. f4 e5 10. fxe5 dxe5 11. Nf5 Bxf5 12. Rxf5 Qxd1+ 13. Rxd1 g6 14. Rf3
Rad8 15. Rdf1 Ng4 16. Bc1 Bc5+ 17. Kh1 Nd4 18. Rxf7 Rxf7 19. Bc4 Rdf8 20. h3
Kg7 21. Rxf7+ Rxf7 22. Bxf7 Nf2+ 23. Kg1 Nxc2 24. Bb3 Nxe4+ 25. Kh2 Nxc3 26.
bxc3 Ne1 27. Bd5 Nd3 28. Bg5 b5 29. Kg3 Bd6 30. Be3 a5 31. Bb6 e4+ 32. Kh4 Be7+
33. Kg3 Bd6+ 34. Kh4 Be5 35. Bxe4 Nc1 36. Bxa5 Nxa2 37. Bd3 Bxc3 38. Bb1 Bxa5
39. Bxa2 Kf6 40. Kg4 Ke5 41. h4 Bd2 42. h5 b4 43. Bg8 gxh5+ 44. Kxh5 h6 45. Kg4
Ke4 46. Kh3 Ke3 47. Kh2 Kf2 48. Kh3 Bf4 49. g4 Kf3 50. Be6 Be3 51. Bb3 1/2-1/2

[Event "17. Europa ch Juvenil - Masculino s16"]
[Site "Sibenik CRO"]
[Date "2007.09.21"]
[Round "8.24"]
[White "Yilmazyerli, Mert"]
[Black "Pecha, Tomas"]
[Result "1/2-1/2"]
[WhiteElo "2071"]
[BlackElo "2204"]
[PlyCount "83"]
[EventDate "2007.09.14"]
[EventType "swiss"]
[EventRounds "9"]
[EventCountry "CRO"]
[Source "lmi"]
[SourceDate "2007.09.14"]

1. e4 e5 2. Nf3 Nc6 3. Bb5 a6 4. Ba4 Nf6 5. Bxc6 dxc6 6. d3 Bc5 7. h3 O-O 8.
O-O Qe7 9. Bg5 h6 10. Bh4 Rd8 11. Nbd2 g5 12. Bg3 Nd7 13. Nc4 f6 14. Nh2 Nf8
15. Ne3 Qf7 16. h4 Ng6 17. Nf5 Bxf5 18. exf5 Ne7 19. Ng4 Kh7 20. hxg5 hxg5 21.
Qf3 Rh8 22. Rfe1 Ng8 23. Rxe5 fxe5 24. Bxe5 Qh5 25. g3 Re8 26. Kg2 Rxe5 27. Rh1
Qxh1+ 28. Kxh1 Re1+ 29. Kg2 Nh6 30. Nf6+ Kg7 31. Ne4 Nf7 32. f6+ Kg6 33. g4 Nd6
34. f7 Nxe4 35. Qf5+ Kg7 36. dxe4 Be7 37. Qe5+ Bf6 38. Qxc7 Rxe4 39. f8=Q+ Kxf8
40. Qxb7 Rxg4+ 41. Kf3 Rf4+ 42. Kg2 1/2-1/2

[Event "17. Europa ch Juvenil - Masculino s16"]
[Site "Sibenik CRO"]
[Date "2007.09.21"]
[Round "8.25"]
[White "Baturina, Andrija"]
[Black "Filippas, Sebastian"]
[Result "1/2-1/2"]
[WhiteElo "1980"]
[BlackElo "2145"]
[PlyCount "106"]
[EventDate "2007.09.14"]
[EventType "swiss"]
[EventRounds "9"]
[EventCountry "CRO"]
[Source "lmi"]
[SourceDate "2007.09.14"]

1. e4 c5 2. d3 Nc6 3. c3 d5 4. Nd2 Nf6 5. Qc2 g6 6. g3 Bg7 7. Bg2 O-O 8. Ne2 b6
9. O-O Bb7 10. f4 Rc8 11. Nf3 c4 12. dxc4 dxe4 13. Ng5 Na5 14. Rd1 Qc7 15. b3
b5 16. Nxe4 Bxe4 17. Bxe4 Nxe4 18. Qxe4 bxc4 19. b4 Nb7 20. Be3 Nd6 21. Qf3 a5
22. a3 Rfd8 23. Bd4 Bf8 24. g4 Nb5 25. f5 Ra8 26. fxg6 hxg6 27. Rf1 f6 28. g5
f5 29. Qe3 Nxd4 30. Nxd4 Qb6 31. Nxf5 Qxe3+ 32. Nxe3 Bg7 33. Nxc4 axb4 34. axb4
Rac8 35. Ne3 Rxc3 36. Ng2 Rb8 37. Nf4 Kh7 38. Ne6 Re3 39. Rae1 Rxe1 40. Rxe1
Bc3 41. Rf1 Bxb4 42. Rf7+ Kg8 43. Rg7+ Kh8 44. Rxg6 Rb6 45. h4 Bd2 46. Kg2 Rd6
47. Kf3 Be1 48. h5 Bd2 49. h6 Bxg5 50. Kg4 Bd2 51. Kf5 Rd5+ 52. Ke4 Rd6 53. Kf5
Rd5+ 1/2-1/2